<?xml version="1.0" encoding="UTF-8"?>
<record
    xmlns:xsi="http://www.w3.org/2001/XMLSchema-instance"
    xsi:schemaLocation="http://www.loc.gov/MARC21/slim http://www.loc.gov/standards/marcxml/schema/MARC21slim.xsd"
    xmlns="http://www.loc.gov/MARC21/slim">

  <leader>00901nas a2200289 454500</leader>
  <controlfield tag="001">34224</controlfield>
  <controlfield tag="005">20260407193509.0</controlfield>
  <controlfield tag="008">260407s1961####ag###########|||spa#d</controlfield>
  <controlfield tag="003">AR-UNSa-BCEJYS</controlfield>
  <datafield tag="040" ind1=" " ind2=" ">
    <subfield code="a">AR-UNSa-BCEJYS</subfield>
    <subfield code="b">spa</subfield>
    <subfield code="c">AR-UNSa-BCEJYS</subfield>
  </datafield>
  <datafield tag="080" ind1=" " ind2=" ">
    <subfield code="a">070</subfield>
    <subfield code="x">Peri&#xF3;dicos. La prensa. Periodismo</subfield>
  </datafield>
  <datafield tag="245" ind1="1" ind2="0">
    <subfield code="a">El Derecho</subfield>
    <subfield code="p">Diario de Jurisprudencia y Doctrina</subfield>
  </datafield>
  <datafield tag="022" ind1=" " ind2=" ">
    <subfield code="a">1666-8987</subfield>
  </datafield>
  <datafield tag="264" ind1=" " ind2="1">
    <subfield code="a">Buenos Aires :</subfield>
    <subfield code="b">Universitas</subfield>
    <subfield code="c">1961</subfield>
  </datafield>
  <datafield tag="310" ind1=" " ind2=" ">
    <subfield code="a">Frecuencia: Diario</subfield>
  </datafield>
  <datafield tag="041" ind1=" " ind2=" ">
    <subfield code="a">spa</subfield>
  </datafield>
  <datafield tag="942" ind1=" " ind2=" ">
    <subfield code="c">SER</subfield>
  </datafield>
  <datafield tag="590" ind1=" " ind2=" ">
    <subfield code="a">niveau_biblio:s niveau_hierar:1</subfield>
  </datafield>
  <datafield tag="100" ind1="1" ind2=" ">
    <subfield code="a">Universidad Cat&#xF3;lica Argentina (UCA)</subfield>
  </datafield>
  <datafield tag="700" ind1="1" ind2=" ">
    <subfield code="a">Fornieles, Jorge S.</subfield>
  </datafield>
  <datafield tag="650" ind1=" " ind2=" ">
    <subfield code="a">Relaciones internacionales</subfield>
  </datafield>
  <datafield tag="650" ind1=" " ind2=" ">
    <subfield code="a">Derecho civil</subfield>
  </datafield>
  <datafield tag="650" ind1=" " ind2=" ">
    <subfield code="a">Derecho</subfield>
  </datafield>
  <datafield tag="650" ind1=" " ind2=" ">
    <subfield code="a">JURISPRUDENCIA</subfield>
  </datafield>
  <datafield tag="650" ind1=" " ind2=" ">
    <subfield code="a">DOCTRINA</subfield>
  </datafield>
  <datafield tag="856" ind1="4" ind2="1">
    <subfield code="u">https://biblioeco.unsa.edu.ar/pmb/images/revistas/elDerecho.jpg</subfield>
    <subfield code="y">Imagen de portada</subfield>
    <subfield code="q">image/jpeg</subfield>
  </datafield>
  <datafield tag="999" ind1=" " ind2=" ">
    <subfield code="c">8745</subfield>
    <subfield code="d">8745</subfield>
  </datafield>
  <datafield tag="952" ind1=" " ind2=" ">
    <subfield code="0">0</subfield>
    <subfield code="1">0</subfield>
    <subfield code="4">0</subfield>
    <subfield code="7">0</subfield>
    <subfield code="a">BCEJYS</subfield>
    <subfield code="b">BCEJYS</subfield>
    <subfield code="c">17</subfield>
    <subfield code="d">2002-07-30</subfield>
    <subfield code="h">A&#xF1;o XL, N&#xBA; 10555 - jul. 2002</subfield>
    <subfield code="l">0</subfield>
    <subfield code="o">H070 DER 10555</subfield>
    <subfield code="p">R17406</subfield>
    <subfield code="r">2026-04-10 16:09:25</subfield>
    <subfield code="w">2026-04-10</subfield>
    <subfield code="y">RN</subfield>
  </datafield>
  <datafield tag="952" ind1=" " ind2=" ">
    <subfield code="0">0</subfield>
    <subfield code="1">0</subfield>
    <subfield code="4">0</subfield>
    <subfield code="7">0</subfield>
    <subfield code="a">BCEJYS</subfield>
    <subfield code="b">BCEJYS</subfield>
    <subfield code="c">17</subfield>
    <subfield code="d">2001-05-29</subfield>
    <subfield code="h">A&#xF1;o XXXIX, N&#xBA; 10263 - mayo 2001</subfield>
    <subfield code="l">0</subfield>
    <subfield code="o">H070 DER 10263</subfield>
    <subfield code="p">R17405</subfield>
    <subfield code="r">2026-04-10 16:09:25</subfield>
    <subfield code="w">2026-04-10</subfield>
    <subfield code="y">RN</subfield>
  </datafield>
  <datafield tag="952" ind1=" " ind2=" ">
    <subfield code="0">0</subfield>
    <subfield code="1">0</subfield>
    <subfield code="4">0</subfield>
    <subfield code="7">0</subfield>
    <subfield code="a">BCEJYS</subfield>
    <subfield code="b">BCEJYS</subfield>
    <subfield code="c">17</subfield>
    <subfield code="d">2001-04-16</subfield>
    <subfield code="h">A&#xF1;o XXXIX, N&#xBA; 10234 - abr. 2001</subfield>
    <subfield code="l">0</subfield>
    <subfield code="o">H070 DER 10234</subfield>
    <subfield code="p">R17404</subfield>
    <subfield code="r">2026-04-10 16:09:25</subfield>
    <subfield code="w">2026-04-10</subfield>
    <subfield code="y">RN</subfield>
  </datafield>
  <datafield tag="952" ind1=" " ind2=" ">
    <subfield code="0">0</subfield>
    <subfield code="1">0</subfield>
    <subfield code="4">0</subfield>
    <subfield code="7">0</subfield>
    <subfield code="a">BCEJYS</subfield>
    <subfield code="b">BCEJYS</subfield>
    <subfield code="c">17</subfield>
    <subfield code="d">2001-04-10</subfield>
    <subfield code="h">A&#xF1;o XXXIX, N&#xBA; 10232 - abr. 2001</subfield>
    <subfield code="l">0</subfield>
    <subfield code="o">H070 DER 10232</subfield>
    <subfield code="p">R17403</subfield>
    <subfield code="r">2026-04-10 16:09:25</subfield>
    <subfield code="w">2026-04-10</subfield>
    <subfield code="y">RN</subfield>
  </datafield>
  <datafield tag="952" ind1=" " ind2=" ">
    <subfield code="0">0</subfield>
    <subfield code="1">0</subfield>
    <subfield code="4">0</subfield>
    <subfield code="7">0</subfield>
    <subfield code="a">BCEJYS</subfield>
    <subfield code="b">BCEJYS</subfield>
    <subfield code="c">17</subfield>
    <subfield code="d">2001-03-05</subfield>
    <subfield code="h">A&#xF1;o XXXIX, N&#xBA; 10207 - mar. 2001</subfield>
    <subfield code="l">0</subfield>
    <subfield code="o">H070 DER 10207</subfield>
    <subfield code="p">R17402</subfield>
    <subfield code="r">2026-04-10 16:09:25</subfield>
    <subfield code="w">2026-04-10</subfield>
    <subfield code="y">RN</subfield>
  </datafield>
  <datafield tag="952" ind1=" " ind2=" ">
    <subfield code="0">0</subfield>
    <subfield code="1">0</subfield>
    <subfield code="4">0</subfield>
    <subfield code="7">0</subfield>
    <subfield code="a">BCEJYS</subfield>
    <subfield code="b">BCEJYS</subfield>
    <subfield code="c">17</subfield>
    <subfield code="d">2001-01-11</subfield>
    <subfield code="h">A&#xF1;o XXXIX, N&#xBA; 10170 - ene. 2001</subfield>
    <subfield code="l">0</subfield>
    <subfield code="o">H070 DER 10170</subfield>
    <subfield code="p">R17401</subfield>
    <subfield code="r">2026-04-10 16:09:25</subfield>
    <subfield code="w">2026-04-10</subfield>
    <subfield code="y">RN</subfield>
  </datafield>
  <datafield tag="952" ind1=" " ind2=" ">
    <subfield code="0">0</subfield>
    <subfield code="1">0</subfield>
    <subfield code="4">0</subfield>
    <subfield code="7">0</subfield>
    <subfield code="a">BCEJYS</subfield>
    <subfield code="b">BCEJYS</subfield>
    <subfield code="c">17</subfield>
    <subfield code="d">2001-01-10</subfield>
    <subfield code="h">A&#xF1;o XXXIX, N&#xBA; 10169 - ene. 2001</subfield>
    <subfield code="l">0</subfield>
    <subfield code="o">H070 DER 10169</subfield>
    <subfield code="p">R17400</subfield>
    <subfield code="r">2026-04-10 16:09:25</subfield>
    <subfield code="w">2026-04-10</subfield>
    <subfield code="y">RN</subfield>
  </datafield>
  <datafield tag="952" ind1=" " ind2=" ">
    <subfield code="0">0</subfield>
    <subfield code="1">0</subfield>
    <subfield code="4">0</subfield>
    <subfield code="7">0</subfield>
    <subfield code="a">BCEJYS</subfield>
    <subfield code="b">BCEJYS</subfield>
    <subfield code="c">17</subfield>
    <subfield code="d">2001-01-09</subfield>
    <subfield code="h">A&#xF1;o XXXIX, N&#xBA; 10168 - ene. 2001</subfield>
    <subfield code="l">0</subfield>
    <subfield code="o">H070 DER 10168</subfield>
    <subfield code="p">R17399</subfield>
    <subfield code="r">2026-04-10 16:09:25</subfield>
    <subfield code="w">2026-04-10</subfield>
    <subfield code="y">RN</subfield>
  </datafield>
  <datafield tag="952" ind1=" " ind2=" ">
    <subfield code="0">0</subfield>
    <subfield code="1">0</subfield>
    <subfield code="4">0</subfield>
    <subfield code="7">0</subfield>
    <subfield code="a">BCEJYS</subfield>
    <subfield code="b">BCEJYS</subfield>
    <subfield code="c">17</subfield>
    <subfield code="d">2001-01-08</subfield>
    <subfield code="h">A&#xF1;o XXXIX, N&#xBA; 10167 - ene. 2001</subfield>
    <subfield code="l">0</subfield>
    <subfield code="o">H070 DER 10167</subfield>
    <subfield code="p">R17398</subfield>
    <subfield code="r">2026-04-10 16:09:25</subfield>
    <subfield code="w">2026-04-10</subfield>
    <subfield code="y">RN</subfield>
  </datafield>
  <datafield tag="952" ind1=" " ind2=" ">
    <subfield code="0">0</subfield>
    <subfield code="1">0</subfield>
    <subfield code="4">0</subfield>
    <subfield code="7">0</subfield>
    <subfield code="a">BCEJYS</subfield>
    <subfield code="b">BCEJYS</subfield>
    <subfield code="c">17</subfield>
    <subfield code="d">2000-11-16</subfield>
    <subfield code="h">A&#xF1;o XXXVIII, N&#xBA; 10133 - nov. 2000</subfield>
    <subfield code="l">0</subfield>
    <subfield code="o">H070 DER 10133</subfield>
    <subfield code="p">R17397</subfield>
    <subfield code="r">2026-04-10 16:09:25</subfield>
    <subfield code="w">2026-04-10</subfield>
    <subfield code="y">RN</subfield>
  </datafield>
  <datafield tag="952" ind1=" " ind2=" ">
    <subfield code="0">0</subfield>
    <subfield code="1">0</subfield>
    <subfield code="4">0</subfield>
    <subfield code="7">0</subfield>
    <subfield code="a">BCEJYS</subfield>
    <subfield code="b">BCEJYS</subfield>
    <subfield code="c">17</subfield>
    <subfield code="d">2000-11-03</subfield>
    <subfield code="h">A&#xF1;o XXXVIII, N&#xBA; 10124 - nov. 2000</subfield>
    <subfield code="l">0</subfield>
    <subfield code="o">H070 DER 10124</subfield>
    <subfield code="p">R17396</subfield>
    <subfield code="r">2026-04-10 16:09:25</subfield>
    <subfield code="w">2026-04-10</subfield>
    <subfield code="y">RN</subfield>
  </datafield>
  <datafield tag="952" ind1=" " ind2=" ">
    <subfield code="0">0</subfield>
    <subfield code="1">0</subfield>
    <subfield code="4">0</subfield>
    <subfield code="7">0</subfield>
    <subfield code="a">BCEJYS</subfield>
    <subfield code="b">BCEJYS</subfield>
    <subfield code="c">17</subfield>
    <subfield code="d">2000-11-02</subfield>
    <subfield code="h">A&#xF1;o XXXVIII, N&#xBA; 10123 - nov. 2000</subfield>
    <subfield code="l">0</subfield>
    <subfield code="o">H070 DER 10123</subfield>
    <subfield code="p">R17395</subfield>
    <subfield code="r">2026-04-10 16:09:25</subfield>
    <subfield code="w">2026-04-10</subfield>
    <subfield code="y">RN</subfield>
  </datafield>
  <datafield tag="952" ind1=" " ind2=" ">
    <subfield code="0">0</subfield>
    <subfield code="1">0</subfield>
    <subfield code="4">0</subfield>
    <subfield code="7">0</subfield>
    <subfield code="a">BCEJYS</subfield>
    <subfield code="b">BCEJYS</subfield>
    <subfield code="c">17</subfield>
    <subfield code="d">2000-10-19</subfield>
    <subfield code="h">A&#xF1;o XXXVIII, N&#xBA; 10113 - oct. 2000</subfield>
    <subfield code="l">0</subfield>
    <subfield code="o">H070 DER 10113</subfield>
    <subfield code="p">R17394</subfield>
    <subfield code="r">2026-04-10 16:09:25</subfield>
    <subfield code="w">2026-04-10</subfield>
    <subfield code="y">RN</subfield>
  </datafield>
  <datafield tag="952" ind1=" " ind2=" ">
    <subfield code="0">0</subfield>
    <subfield code="1">0</subfield>
    <subfield code="4">0</subfield>
    <subfield code="7">0</subfield>
    <subfield code="a">BCEJYS</subfield>
    <subfield code="b">BCEJYS</subfield>
    <subfield code="c">17</subfield>
    <subfield code="d">2000-10-05</subfield>
    <subfield code="h">A&#xF1;o XXXVIII, N&#xBA; 10104 - oct. 2000</subfield>
    <subfield code="l">0</subfield>
    <subfield code="o">H070 DER 10104</subfield>
    <subfield code="p">R17393</subfield>
    <subfield code="r">2026-04-10 16:09:25</subfield>
    <subfield code="w">2026-04-10</subfield>
    <subfield code="y">RN</subfield>
  </datafield>
  <datafield tag="952" ind1=" " ind2=" ">
    <subfield code="0">0</subfield>
    <subfield code="1">0</subfield>
    <subfield code="4">0</subfield>
    <subfield code="7">0</subfield>
    <subfield code="a">BCEJYS</subfield>
    <subfield code="b">BCEJYS</subfield>
    <subfield code="c">17</subfield>
    <subfield code="d">2000-10-04</subfield>
    <subfield code="h">A&#xF1;o XXXVIII, N&#xBA; 10103 - oct. 2000</subfield>
    <subfield code="l">0</subfield>
    <subfield code="o">H070 DER 10103</subfield>
    <subfield code="p">R17392</subfield>
    <subfield code="r">2026-04-10 16:09:25</subfield>
    <subfield code="w">2026-04-10</subfield>
    <subfield code="y">RN</subfield>
  </datafield>
  <datafield tag="952" ind1=" " ind2=" ">
    <subfield code="0">0</subfield>
    <subfield code="1">0</subfield>
    <subfield code="4">0</subfield>
    <subfield code="7">0</subfield>
    <subfield code="a">BCEJYS</subfield>
    <subfield code="b">BCEJYS</subfield>
    <subfield code="c">17</subfield>
    <subfield code="d">2000-08-02</subfield>
    <subfield code="h">A&#xF1;o XXXVIII, N&#xBA; 10059 - ago. 2000</subfield>
    <subfield code="l">0</subfield>
    <subfield code="o">H070 DER 10059</subfield>
    <subfield code="p">R17391</subfield>
    <subfield code="r">2026-04-10 16:09:25</subfield>
    <subfield code="w">2026-04-10</subfield>
    <subfield code="y">RN</subfield>
  </datafield>
  <datafield tag="952" ind1=" " ind2=" ">
    <subfield code="0">0</subfield>
    <subfield code="1">0</subfield>
    <subfield code="4">0</subfield>
    <subfield code="7">0</subfield>
    <subfield code="a">BCEJYS</subfield>
    <subfield code="b">BCEJYS</subfield>
    <subfield code="c">17</subfield>
    <subfield code="d">2000-07-14</subfield>
    <subfield code="h">A&#xF1;o XXXVIII, N&#xBA; 10046 - jul. 2000</subfield>
    <subfield code="l">0</subfield>
    <subfield code="o">H070 DER 10046</subfield>
    <subfield code="p">R17390</subfield>
    <subfield code="r">2026-04-10 16:09:25</subfield>
    <subfield code="w">2026-04-10</subfield>
    <subfield code="y">RN</subfield>
  </datafield>
  <datafield tag="952" ind1=" " ind2=" ">
    <subfield code="0">0</subfield>
    <subfield code="1">0</subfield>
    <subfield code="4">0</subfield>
    <subfield code="7">0</subfield>
    <subfield code="a">BCEJYS</subfield>
    <subfield code="b">BCEJYS</subfield>
    <subfield code="c">17</subfield>
    <subfield code="d">2000-07-05</subfield>
    <subfield code="h">A&#xF1;o XXXVIII, N&#xBA; 10039 - jul. 2000</subfield>
    <subfield code="l">0</subfield>
    <subfield code="o">H070 DER 10039</subfield>
    <subfield code="p">R17389</subfield>
    <subfield code="r">2026-04-10 16:09:25</subfield>
    <subfield code="w">2026-04-10</subfield>
    <subfield code="y">RN</subfield>
  </datafield>
  <datafield tag="952" ind1=" " ind2=" ">
    <subfield code="0">0</subfield>
    <subfield code="1">0</subfield>
    <subfield code="4">0</subfield>
    <subfield code="7">0</subfield>
    <subfield code="a">BCEJYS</subfield>
    <subfield code="b">BCEJYS</subfield>
    <subfield code="c">17</subfield>
    <subfield code="d">2000-06-22</subfield>
    <subfield code="h">A&#xF1;o XXXVIII, N&#xBA; 10030 - jun. 2000</subfield>
    <subfield code="l">0</subfield>
    <subfield code="o">H070 DER 10030</subfield>
    <subfield code="p">R17388</subfield>
    <subfield code="r">2026-04-10 16:09:25</subfield>
    <subfield code="w">2026-04-10</subfield>
    <subfield code="y">RN</subfield>
  </datafield>
  <datafield tag="952" ind1=" " ind2=" ">
    <subfield code="0">0</subfield>
    <subfield code="1">0</subfield>
    <subfield code="4">0</subfield>
    <subfield code="7">0</subfield>
    <subfield code="a">BCEJYS</subfield>
    <subfield code="b">BCEJYS</subfield>
    <subfield code="c">17</subfield>
    <subfield code="d">2000-05-31</subfield>
    <subfield code="h">A&#xF1;o XXXVIII, N&#xBA; 10015 - mayo 2000</subfield>
    <subfield code="l">0</subfield>
    <subfield code="o">H070 DER 10015</subfield>
    <subfield code="p">R17387</subfield>
    <subfield code="r">2026-04-10 16:09:25</subfield>
    <subfield code="w">2026-04-10</subfield>
    <subfield code="y">RN</subfield>
  </datafield>
  <datafield tag="952" ind1=" " ind2=" ">
    <subfield code="0">0</subfield>
    <subfield code="1">0</subfield>
    <subfield code="4">0</subfield>
    <subfield code="7">0</subfield>
    <subfield code="a">BCEJYS</subfield>
    <subfield code="b">BCEJYS</subfield>
    <subfield code="c">17</subfield>
    <subfield code="d">2000-05-15</subfield>
    <subfield code="h">A&#xF1;o XXXVIII, N&#xBA; 10004 - mayo 2000</subfield>
    <subfield code="l">0</subfield>
    <subfield code="o">H070 DER 10004</subfield>
    <subfield code="p">R17386</subfield>
    <subfield code="r">2026-04-10 16:09:25</subfield>
    <subfield code="w">2026-04-10</subfield>
    <subfield code="y">RN</subfield>
  </datafield>
  <datafield tag="952" ind1=" " ind2=" ">
    <subfield code="0">0</subfield>
    <subfield code="1">0</subfield>
    <subfield code="4">0</subfield>
    <subfield code="7">0</subfield>
    <subfield code="a">BCEJYS</subfield>
    <subfield code="b">BCEJYS</subfield>
    <subfield code="c">17</subfield>
    <subfield code="d">2000-04-25</subfield>
    <subfield code="h">A&#xF1;o XXXVIII, N&#xBA; 9991 - abr. 2000</subfield>
    <subfield code="l">0</subfield>
    <subfield code="o">H070 DER 9991</subfield>
    <subfield code="p">R17385</subfield>
    <subfield code="r">2026-04-10 16:09:25</subfield>
    <subfield code="w">2026-04-10</subfield>
    <subfield code="y">RN</subfield>
  </datafield>
  <datafield tag="952" ind1=" " ind2=" ">
    <subfield code="0">0</subfield>
    <subfield code="1">0</subfield>
    <subfield code="4">0</subfield>
    <subfield code="7">0</subfield>
    <subfield code="a">BCEJYS</subfield>
    <subfield code="b">BCEJYS</subfield>
    <subfield code="c">17</subfield>
    <subfield code="d">2000-04-05</subfield>
    <subfield code="h">A&#xF1;o XXXVIII, N&#xBA; 9979 - abr. 2000</subfield>
    <subfield code="l">0</subfield>
    <subfield code="o">H070 DER 9979</subfield>
    <subfield code="p">R17384</subfield>
    <subfield code="r">2026-04-10 16:09:25</subfield>
    <subfield code="w">2026-04-10</subfield>
    <subfield code="y">RN</subfield>
  </datafield>
  <datafield tag="952" ind1=" " ind2=" ">
    <subfield code="0">0</subfield>
    <subfield code="1">0</subfield>
    <subfield code="4">0</subfield>
    <subfield code="7">0</subfield>
    <subfield code="a">BCEJYS</subfield>
    <subfield code="b">BCEJYS</subfield>
    <subfield code="c">17</subfield>
    <subfield code="d">2000-04-04</subfield>
    <subfield code="h">A&#xF1;o XXXVIII, N&#xBA; 9978 - abr. 2000</subfield>
    <subfield code="l">0</subfield>
    <subfield code="o">H070 DER 9978</subfield>
    <subfield code="p">R17383</subfield>
    <subfield code="r">2026-04-10 16:09:25</subfield>
    <subfield code="w">2026-04-10</subfield>
    <subfield code="y">RN</subfield>
  </datafield>
  <datafield tag="952" ind1=" " ind2=" ">
    <subfield code="0">0</subfield>
    <subfield code="1">0</subfield>
    <subfield code="4">0</subfield>
    <subfield code="7">0</subfield>
    <subfield code="a">BCEJYS</subfield>
    <subfield code="b">BCEJYS</subfield>
    <subfield code="c">17</subfield>
    <subfield code="d">2000-04-03</subfield>
    <subfield code="h">A&#xF1;o XXXVIII, N&#xBA; 9977 - abr. 2000</subfield>
    <subfield code="l">0</subfield>
    <subfield code="o">H070 DER 9977</subfield>
    <subfield code="p">R17382</subfield>
    <subfield code="r">2026-04-10 16:09:25</subfield>
    <subfield code="w">2026-04-10</subfield>
    <subfield code="y">RN</subfield>
  </datafield>
  <datafield tag="952" ind1=" " ind2=" ">
    <subfield code="0">0</subfield>
    <subfield code="1">0</subfield>
    <subfield code="4">0</subfield>
    <subfield code="7">0</subfield>
    <subfield code="a">BCEJYS</subfield>
    <subfield code="b">BCEJYS</subfield>
    <subfield code="c">17</subfield>
    <subfield code="d">2000-03-23</subfield>
    <subfield code="h">A&#xF1;o XXXVIII, N&#xBA; 9970 - mar. 2000</subfield>
    <subfield code="l">0</subfield>
    <subfield code="o">H070 DER 9970</subfield>
    <subfield code="p">R17381</subfield>
    <subfield code="r">2026-04-10 16:09:25</subfield>
    <subfield code="w">2026-04-10</subfield>
    <subfield code="y">RN</subfield>
  </datafield>
  <datafield tag="952" ind1=" " ind2=" ">
    <subfield code="0">0</subfield>
    <subfield code="1">0</subfield>
    <subfield code="4">0</subfield>
    <subfield code="7">0</subfield>
    <subfield code="a">BCEJYS</subfield>
    <subfield code="b">BCEJYS</subfield>
    <subfield code="c">17</subfield>
    <subfield code="d">2000-03-22</subfield>
    <subfield code="h">A&#xF1;o XXXVIII, N&#xBA; 9969 - mar. 2000</subfield>
    <subfield code="l">0</subfield>
    <subfield code="o">H070 DER 9969</subfield>
    <subfield code="p">R17380</subfield>
    <subfield code="r">2026-04-10 16:09:25</subfield>
    <subfield code="w">2026-04-10</subfield>
    <subfield code="y">RN</subfield>
  </datafield>
  <datafield tag="952" ind1=" " ind2=" ">
    <subfield code="0">0</subfield>
    <subfield code="1">0</subfield>
    <subfield code="4">0</subfield>
    <subfield code="7">0</subfield>
    <subfield code="a">BCEJYS</subfield>
    <subfield code="b">BCEJYS</subfield>
    <subfield code="c">17</subfield>
    <subfield code="d">1999-09-03</subfield>
    <subfield code="h">A&#xF1;o XXXVII, N&#xBA; 9828 - sep. 1999</subfield>
    <subfield code="l">0</subfield>
    <subfield code="o">H070 DER 9828</subfield>
    <subfield code="p">R17379</subfield>
    <subfield code="r">2026-04-10 16:09:25</subfield>
    <subfield code="w">2026-04-10</subfield>
    <subfield code="y">RN</subfield>
  </datafield>
  <datafield tag="952" ind1=" " ind2=" ">
    <subfield code="0">0</subfield>
    <subfield code="1">0</subfield>
    <subfield code="4">0</subfield>
    <subfield code="7">0</subfield>
    <subfield code="a">BCEJYS</subfield>
    <subfield code="b">BCEJYS</subfield>
    <subfield code="c">17</subfield>
    <subfield code="d">1999-06-16</subfield>
    <subfield code="h">A&#xF1;o XXXVII, N&#xBA; 9774 - jun. 1999</subfield>
    <subfield code="l">0</subfield>
    <subfield code="o">H070 DER 9774</subfield>
    <subfield code="p">R17378</subfield>
    <subfield code="r">2026-04-10 16:09:25</subfield>
    <subfield code="w">2026-04-10</subfield>
    <subfield code="y">RN</subfield>
  </datafield>
  <datafield tag="952" ind1=" " ind2=" ">
    <subfield code="0">0</subfield>
    <subfield code="1">0</subfield>
    <subfield code="4">0</subfield>
    <subfield code="7">0</subfield>
    <subfield code="a">BCEJYS</subfield>
    <subfield code="b">BCEJYS</subfield>
    <subfield code="c">17</subfield>
    <subfield code="d">1999-06-15</subfield>
    <subfield code="h">A&#xF1;o XXXVII, N&#xBA; 9773 - jun. 1999</subfield>
    <subfield code="l">0</subfield>
    <subfield code="o">H070 DER 9773</subfield>
    <subfield code="p">R17377</subfield>
    <subfield code="r">2026-04-10 16:09:25</subfield>
    <subfield code="w">2026-04-10</subfield>
    <subfield code="y">RN</subfield>
  </datafield>
  <datafield tag="952" ind1=" " ind2=" ">
    <subfield code="0">0</subfield>
    <subfield code="1">0</subfield>
    <subfield code="4">0</subfield>
    <subfield code="7">0</subfield>
    <subfield code="a">BCEJYS</subfield>
    <subfield code="b">BCEJYS</subfield>
    <subfield code="c">17</subfield>
    <subfield code="d">1998-12-24</subfield>
    <subfield code="h">A&#xF1;o XXXVI, N&#xBA; 9656 - dic. 1998</subfield>
    <subfield code="l">0</subfield>
    <subfield code="o">H070 DER 9656</subfield>
    <subfield code="p">R17376</subfield>
    <subfield code="r">2026-04-10 16:09:25</subfield>
    <subfield code="w">2026-04-10</subfield>
    <subfield code="y">RN</subfield>
  </datafield>
  <datafield tag="952" ind1=" " ind2=" ">
    <subfield code="0">0</subfield>
    <subfield code="1">0</subfield>
    <subfield code="4">0</subfield>
    <subfield code="7">0</subfield>
    <subfield code="a">BCEJYS</subfield>
    <subfield code="b">BCEJYS</subfield>
    <subfield code="c">17</subfield>
    <subfield code="d">1998-11-13</subfield>
    <subfield code="h">A&#xF1;o XXXVI, N&#xBA; 9628 - nov. 1998</subfield>
    <subfield code="l">0</subfield>
    <subfield code="o">H070 DER 9628</subfield>
    <subfield code="p">R17375</subfield>
    <subfield code="r">2026-04-10 16:09:25</subfield>
    <subfield code="w">2026-04-10</subfield>
    <subfield code="y">RN</subfield>
  </datafield>
  <datafield tag="952" ind1=" " ind2=" ">
    <subfield code="0">0</subfield>
    <subfield code="1">0</subfield>
    <subfield code="4">0</subfield>
    <subfield code="7">0</subfield>
    <subfield code="a">BCEJYS</subfield>
    <subfield code="b">BCEJYS</subfield>
    <subfield code="c">17</subfield>
    <subfield code="d">1998-10-27</subfield>
    <subfield code="h">A&#xF1;o XXXVI, N&#xBA; 9615 - oct. 1998</subfield>
    <subfield code="l">0</subfield>
    <subfield code="o">H070 DER 9615</subfield>
    <subfield code="p">R17374</subfield>
    <subfield code="r">2026-04-10 16:09:25</subfield>
    <subfield code="w">2026-04-10</subfield>
    <subfield code="y">RN</subfield>
  </datafield>
  <datafield tag="952" ind1=" " ind2=" ">
    <subfield code="0">0</subfield>
    <subfield code="1">0</subfield>
    <subfield code="4">0</subfield>
    <subfield code="7">0</subfield>
    <subfield code="a">BCEJYS</subfield>
    <subfield code="b">BCEJYS</subfield>
    <subfield code="c">17</subfield>
    <subfield code="d">1998-10-23</subfield>
    <subfield code="h">A&#xF1;o XXXVI, N&#xBA; 9613 - oct. 1998</subfield>
    <subfield code="l">0</subfield>
    <subfield code="o">H070 DER 9613</subfield>
    <subfield code="p">R17373</subfield>
    <subfield code="r">2026-04-10 16:09:25</subfield>
    <subfield code="w">2026-04-10</subfield>
    <subfield code="y">RN</subfield>
  </datafield>
  <datafield tag="952" ind1=" " ind2=" ">
    <subfield code="0">0</subfield>
    <subfield code="1">0</subfield>
    <subfield code="4">0</subfield>
    <subfield code="7">0</subfield>
    <subfield code="a">BCEJYS</subfield>
    <subfield code="b">BCEJYS</subfield>
    <subfield code="c">17</subfield>
    <subfield code="d">1998-08-31</subfield>
    <subfield code="h">A&#xF1;o XXXVI, N&#xBA; 9575 - ago. 1998</subfield>
    <subfield code="l">0</subfield>
    <subfield code="o">H070 DER 9575</subfield>
    <subfield code="p">R17372</subfield>
    <subfield code="r">2026-04-10 16:09:25</subfield>
    <subfield code="w">2026-04-10</subfield>
    <subfield code="y">RN</subfield>
  </datafield>
  <datafield tag="952" ind1=" " ind2=" ">
    <subfield code="0">0</subfield>
    <subfield code="1">0</subfield>
    <subfield code="4">0</subfield>
    <subfield code="7">0</subfield>
    <subfield code="a">BCEJYS</subfield>
    <subfield code="b">BCEJYS</subfield>
    <subfield code="c">17</subfield>
    <subfield code="d">1998-08-28</subfield>
    <subfield code="h">A&#xF1;o XXXVI, N&#xBA; 9574 - ago. 1998</subfield>
    <subfield code="l">0</subfield>
    <subfield code="o">H070 DER 9574</subfield>
    <subfield code="p">R17371</subfield>
    <subfield code="r">2026-04-10 16:09:25</subfield>
    <subfield code="w">2026-04-10</subfield>
    <subfield code="y">RN</subfield>
  </datafield>
  <datafield tag="952" ind1=" " ind2=" ">
    <subfield code="0">0</subfield>
    <subfield code="1">0</subfield>
    <subfield code="4">0</subfield>
    <subfield code="7">0</subfield>
    <subfield code="a">BCEJYS</subfield>
    <subfield code="b">BCEJYS</subfield>
    <subfield code="c">17</subfield>
    <subfield code="d">1998-08-07</subfield>
    <subfield code="h">A&#xF1;o XXXVI, N&#xBA; 9560 - ago. 1998</subfield>
    <subfield code="l">0</subfield>
    <subfield code="o">H070 DER 9560</subfield>
    <subfield code="p">R17370</subfield>
    <subfield code="r">2026-04-10 16:09:25</subfield>
    <subfield code="w">2026-04-10</subfield>
    <subfield code="y">RN</subfield>
  </datafield>
  <datafield tag="952" ind1=" " ind2=" ">
    <subfield code="0">0</subfield>
    <subfield code="1">0</subfield>
    <subfield code="4">0</subfield>
    <subfield code="7">0</subfield>
    <subfield code="a">BCEJYS</subfield>
    <subfield code="b">BCEJYS</subfield>
    <subfield code="c">17</subfield>
    <subfield code="d">1998-07-23</subfield>
    <subfield code="h">A&#xF1;o XXXVI, N&#xBA; 9549 - jul. 1998</subfield>
    <subfield code="l">0</subfield>
    <subfield code="o">H070 DER 9549</subfield>
    <subfield code="p">R17359</subfield>
    <subfield code="r">2026-04-10 16:09:25</subfield>
    <subfield code="w">2026-04-10</subfield>
    <subfield code="y">RN</subfield>
  </datafield>
  <datafield tag="952" ind1=" " ind2=" ">
    <subfield code="0">0</subfield>
    <subfield code="1">0</subfield>
    <subfield code="4">0</subfield>
    <subfield code="7">0</subfield>
    <subfield code="a">BCEJYS</subfield>
    <subfield code="b">BCEJYS</subfield>
    <subfield code="c">17</subfield>
    <subfield code="d">1998-04-20</subfield>
    <subfield code="h">A&#xF1;o XXXVI, N&#xBA; 9486 - abr. 1998</subfield>
    <subfield code="l">0</subfield>
    <subfield code="o">H070 DER 9486</subfield>
    <subfield code="p">R17369</subfield>
    <subfield code="r">2026-04-10 16:09:25</subfield>
    <subfield code="w">2026-04-10</subfield>
    <subfield code="y">RN</subfield>
  </datafield>
  <datafield tag="952" ind1=" " ind2=" ">
    <subfield code="0">0</subfield>
    <subfield code="1">0</subfield>
    <subfield code="4">0</subfield>
    <subfield code="7">0</subfield>
    <subfield code="a">BCEJYS</subfield>
    <subfield code="b">BCEJYS</subfield>
    <subfield code="c">17</subfield>
    <subfield code="d">1998-04-03</subfield>
    <subfield code="h">A&#xF1;o XXXVI, N&#xBA; 9477 - abr. 1998</subfield>
    <subfield code="l">0</subfield>
    <subfield code="o">H070 DER 9477</subfield>
    <subfield code="p">R17368</subfield>
    <subfield code="r">2026-04-10 16:09:25</subfield>
    <subfield code="w">2026-04-10</subfield>
    <subfield code="y">RN</subfield>
  </datafield>
  <datafield tag="952" ind1=" " ind2=" ">
    <subfield code="0">0</subfield>
    <subfield code="1">0</subfield>
    <subfield code="4">0</subfield>
    <subfield code="7">0</subfield>
    <subfield code="a">BCEJYS</subfield>
    <subfield code="b">BCEJYS</subfield>
    <subfield code="c">17</subfield>
    <subfield code="d">1998-04-01</subfield>
    <subfield code="h">A&#xF1;o XXXVI, N&#xBA; 9475 - abr. 1998</subfield>
    <subfield code="l">0</subfield>
    <subfield code="o">H070 DER 9475</subfield>
    <subfield code="p">R17367</subfield>
    <subfield code="r">2026-04-10 16:09:25</subfield>
    <subfield code="w">2026-04-10</subfield>
    <subfield code="y">RN</subfield>
  </datafield>
  <datafield tag="952" ind1=" " ind2=" ">
    <subfield code="0">0</subfield>
    <subfield code="1">0</subfield>
    <subfield code="4">0</subfield>
    <subfield code="7">0</subfield>
    <subfield code="a">BCEJYS</subfield>
    <subfield code="b">BCEJYS</subfield>
    <subfield code="c">17</subfield>
    <subfield code="d">1998-03-31</subfield>
    <subfield code="h">A&#xF1;o XXXVI, N&#xBA; 9474 - mar. 1998</subfield>
    <subfield code="l">0</subfield>
    <subfield code="o">H070 DER 9474</subfield>
    <subfield code="p">R17366</subfield>
    <subfield code="r">2026-04-10 16:09:25</subfield>
    <subfield code="w">2026-04-10</subfield>
    <subfield code="y">RN</subfield>
  </datafield>
  <datafield tag="952" ind1=" " ind2=" ">
    <subfield code="0">0</subfield>
    <subfield code="1">0</subfield>
    <subfield code="4">0</subfield>
    <subfield code="7">0</subfield>
    <subfield code="a">BCEJYS</subfield>
    <subfield code="b">BCEJYS</subfield>
    <subfield code="c">17</subfield>
    <subfield code="d">1998-03-23</subfield>
    <subfield code="h">A&#xF1;o XXXVI, N&#xBA; 9468 - mar. 1998</subfield>
    <subfield code="l">0</subfield>
    <subfield code="o">H070 DER 9468</subfield>
    <subfield code="p">R17365</subfield>
    <subfield code="r">2026-04-10 16:09:25</subfield>
    <subfield code="w">2026-04-10</subfield>
    <subfield code="y">RN</subfield>
  </datafield>
  <datafield tag="952" ind1=" " ind2=" ">
    <subfield code="0">0</subfield>
    <subfield code="1">0</subfield>
    <subfield code="4">0</subfield>
    <subfield code="7">0</subfield>
    <subfield code="a">BCEJYS</subfield>
    <subfield code="b">BCEJYS</subfield>
    <subfield code="c">17</subfield>
    <subfield code="d">1998-03-12</subfield>
    <subfield code="h">A&#xF1;o XXXVI, N&#xBA; 9461 - mar. 1998</subfield>
    <subfield code="l">0</subfield>
    <subfield code="o">H070 DER 9461</subfield>
    <subfield code="p">R17364</subfield>
    <subfield code="r">2026-04-10 16:09:25</subfield>
    <subfield code="w">2026-04-10</subfield>
    <subfield code="y">RN</subfield>
  </datafield>
  <datafield tag="952" ind1=" " ind2=" ">
    <subfield code="0">0</subfield>
    <subfield code="1">0</subfield>
    <subfield code="4">0</subfield>
    <subfield code="7">0</subfield>
    <subfield code="a">BCEJYS</subfield>
    <subfield code="b">BCEJYS</subfield>
    <subfield code="c">17</subfield>
    <subfield code="d">1998-03-10</subfield>
    <subfield code="h">A&#xF1;o XXXVI, N&#xBA; 9459 - mar. 1998</subfield>
    <subfield code="l">0</subfield>
    <subfield code="o">H070 DER 9459</subfield>
    <subfield code="p">R17362</subfield>
    <subfield code="r">2026-04-10 16:09:25</subfield>
    <subfield code="w">2026-04-10</subfield>
    <subfield code="y">RN</subfield>
  </datafield>
  <datafield tag="952" ind1=" " ind2=" ">
    <subfield code="0">0</subfield>
    <subfield code="1">0</subfield>
    <subfield code="4">0</subfield>
    <subfield code="7">0</subfield>
    <subfield code="a">BCEJYS</subfield>
    <subfield code="b">BCEJYS</subfield>
    <subfield code="c">17</subfield>
    <subfield code="d">1998-03-05</subfield>
    <subfield code="h">A&#xF1;o XXXVI, N&#xBA; 9456 - mar. 1998</subfield>
    <subfield code="l">0</subfield>
    <subfield code="o">H070 DER 9456</subfield>
    <subfield code="p">R17361</subfield>
    <subfield code="r">2026-04-10 16:09:25</subfield>
    <subfield code="w">2026-04-10</subfield>
    <subfield code="y">RN</subfield>
  </datafield>
  <datafield tag="952" ind1=" " ind2=" ">
    <subfield code="0">0</subfield>
    <subfield code="1">0</subfield>
    <subfield code="4">0</subfield>
    <subfield code="7">0</subfield>
    <subfield code="a">BCEJYS</subfield>
    <subfield code="b">BCEJYS</subfield>
    <subfield code="c">17</subfield>
    <subfield code="d">1997-12-30</subfield>
    <subfield code="h">A&#xF1;o XXXV, N&#xBA; 9410 - dic. 1997</subfield>
    <subfield code="l">0</subfield>
    <subfield code="o">H070 DER 9410</subfield>
    <subfield code="p">R17358</subfield>
    <subfield code="r">2026-04-10 16:09:25</subfield>
    <subfield code="w">2026-04-10</subfield>
    <subfield code="y">RN</subfield>
  </datafield>
  <datafield tag="952" ind1=" " ind2=" ">
    <subfield code="0">0</subfield>
    <subfield code="1">0</subfield>
    <subfield code="4">0</subfield>
    <subfield code="7">0</subfield>
    <subfield code="a">BCEJYS</subfield>
    <subfield code="b">BCEJYS</subfield>
    <subfield code="c">17</subfield>
    <subfield code="d">1997-12-16</subfield>
    <subfield code="h">A&#xF1;o XXXV, N&#xBA; 9401 - dic. 1997</subfield>
    <subfield code="l">0</subfield>
    <subfield code="o">H070 DER 9401</subfield>
    <subfield code="p">R17357</subfield>
    <subfield code="r">2026-04-10 16:09:25</subfield>
    <subfield code="w">2026-04-10</subfield>
    <subfield code="y">RN</subfield>
  </datafield>
  <datafield tag="952" ind1=" " ind2=" ">
    <subfield code="0">0</subfield>
    <subfield code="1">0</subfield>
    <subfield code="4">0</subfield>
    <subfield code="7">0</subfield>
    <subfield code="a">BCEJYS</subfield>
    <subfield code="b">BCEJYS</subfield>
    <subfield code="c">17</subfield>
    <subfield code="d">1997-10-16</subfield>
    <subfield code="h">A&#xF1;o XXXV, N&#xBA; 9359 - oct. 1997</subfield>
    <subfield code="l">0</subfield>
    <subfield code="o">H070 DER 9359</subfield>
    <subfield code="p">R17356</subfield>
    <subfield code="r">2026-04-10 16:09:25</subfield>
    <subfield code="w">2026-04-10</subfield>
    <subfield code="y">RN</subfield>
  </datafield>
  <datafield tag="952" ind1=" " ind2=" ">
    <subfield code="0">0</subfield>
    <subfield code="1">0</subfield>
    <subfield code="4">0</subfield>
    <subfield code="7">0</subfield>
    <subfield code="a">BCEJYS</subfield>
    <subfield code="b">BCEJYS</subfield>
    <subfield code="c">17</subfield>
    <subfield code="d">1997-10-14</subfield>
    <subfield code="h">A&#xF1;o XXXV, N&#xBA; 9357 - oct. 1997</subfield>
    <subfield code="l">0</subfield>
    <subfield code="o">H070 DER 9357</subfield>
    <subfield code="p">R17355</subfield>
    <subfield code="r">2026-04-10 16:09:25</subfield>
    <subfield code="w">2026-04-10</subfield>
    <subfield code="y">RN</subfield>
  </datafield>
  <datafield tag="952" ind1=" " ind2=" ">
    <subfield code="0">0</subfield>
    <subfield code="1">0</subfield>
    <subfield code="4">0</subfield>
    <subfield code="7">0</subfield>
    <subfield code="a">BCEJYS</subfield>
    <subfield code="b">BCEJYS</subfield>
    <subfield code="c">17</subfield>
    <subfield code="d">1997-09-26</subfield>
    <subfield code="h">A&#xF1;o XXXV, N&#xBA; 9345 - sep. 1997</subfield>
    <subfield code="l">0</subfield>
    <subfield code="o">H070 DER 9345</subfield>
    <subfield code="p">R17354</subfield>
    <subfield code="r">2026-04-10 16:09:25</subfield>
    <subfield code="w">2026-04-10</subfield>
    <subfield code="y">RN</subfield>
  </datafield>
  <datafield tag="952" ind1=" " ind2=" ">
    <subfield code="0">0</subfield>
    <subfield code="1">0</subfield>
    <subfield code="4">0</subfield>
    <subfield code="7">0</subfield>
    <subfield code="a">BCEJYS</subfield>
    <subfield code="b">BCEJYS</subfield>
    <subfield code="c">17</subfield>
    <subfield code="d">1997-09-12</subfield>
    <subfield code="h">A&#xF1;o XXXV, N&#xBA; 9335 - sep. 1997</subfield>
    <subfield code="l">0</subfield>
    <subfield code="o">H070 DER 9335</subfield>
    <subfield code="p">R17331</subfield>
    <subfield code="r">2026-04-10 16:09:25</subfield>
    <subfield code="w">2026-04-10</subfield>
    <subfield code="y">RN</subfield>
  </datafield>
</record>
